| 000 | 00434cam a2200181ua 4500 | ||
|---|---|---|---|
| 001 | 7314 | ||
| 008 | 060101n1990 II |||gr||||Z||||||eng | ||
| 040 | _aMAIN | ||
| 041 | _aEnglish | ||
| 100 | _aSAMBASIVIAH. | ||
| 245 | _aANIMAL PHYSIOLOGY AND ECOLOGY | ||
| 260 |
_aNEW DELHI _bS.CHAND & COMPANY _c1990 |
||
| 300 |
_a480: _c22CM. |
||
| 653 | _aEcology | ||
| 700 | _aRAO, KAMAL KARA. | ||
| 700 | _aCHELLAPPA, AUGUSTINE. | ||
| 942 | _cBK | ||
| 999 |
_c7299 _d7299 |
||